50 Best iPhone Apps 2011 - Statistics

General Stats
  • This quiz has been taken 388 times
    387 since last reset
  • The average score is 7 of 50
Answer Stats
Answer % Correct
Facebook
82%
Angry Birds
71%
Twitter
67%
Instagram
58%
Google
43%
Doodle Jump
30%
Skype
30%
Fruit Ninja
28%
Cut The Rope
27%
Pandora
25%
Camera+
18%
Netflix
17%
Weather Channel
14%
Amazon
13%
Google Earth
12%
Wikipedia
10%
Scrabble
9%
IMDb
8%
WebMD
8%
Plants v. Zombies
7%
Yelp
7%
Paypal
6%
SoundHound
6%
Bloom
5%
Bump
5%
Foursquare
5%
Kayak
5%
Kindle
5%
Pictureka
5%
Wurdle
5%
AIM
4%
AroundMe
4%
ColorSplash
4%
Epicurious
4%
GeoDefense Swarm
4%
Hipstamatic
4%
Hopstop
4%
Instapaper
4%
Lose It!
4%
Mint
4%
Mixology
4%
Mog
4%
OpenTable
4%
Photoshop Express
4%
Shop Savvy
4%
Springpad
4%
Word Lens
4%
Zipcar
4%
ESPN Scorecenter
3%
PulseNews
3%
No matching quizzes found
Score Distribution
Percent of People with Each Score
Percentile by Number Answered
Your Score History
You have not taken this quiz since the last reset